| 000 | 00789nam a22002297a 4500 | ||
|---|---|---|---|
| 999 |
_c136 _d136 |
||
| 001 | 003675 | ||
| 003 | CoMeUDC003675 | ||
| 005 | 20181029195658.0 | ||
| 008 | 931207s1988 ec a 000 0 spa | ||
| 010 | _a 93240308 | ||
| 040 |
_aCoMeUDC _cCoMeUDC _bSpa |
||
| 082 | _a302.2 C157s | ||
| 100 | 1 | _aNoreña, Andrés Darío Calle. | |
| 245 | 1 | 3 |
_aLa sal de la comunicacion : _buna aproximación histórica a la Comunicación No-violenta, desde la experiencia de Mohandas Karamchand Gandhi / _cAndrés Darío Calle Noreña. |
| 250 | _a1. ed. 1988. | ||
| 260 |
_aQuito, Ecuador : _bEdiciones ABYA-YALA, _c1988. |
||
| 300 |
_a191 p. : _bill. ; _c22 cm. |
||
| 650 | 0 |
_986 _aComunicación |
|
| 650 | 0 |
_987 _aSociología |
|
| 906 |
_a7 _bcbc _corignew _du _encip _f19 _gy-gencatlg |
||
| 942 |
_2ddc _cBK |
||